[Event "Villa Martelli ProAm op 28th"]
[White "Obregon,Carlos Andres"]
[Black "Hungaski,Robert Andrew"]
[Site "Villa Martelli"]
[Round "7"]
[Annotator ""]
[Result "0-1"]
[Date "2021.11.13"]
[WhiteElo "2525"]
[BlackElo "2511"]
[PlyCount "72"]

1. d4 d5 2. c4 c6 3. Nf3 Nf6 4. Nc3 e6 5. Bg5 dxc4 6. e4 b5 7. e5 h6 8. Bh4 g5 9. Nxg5 hxg5 10. Bxg5 Nbd7 11. g3 Bb7 12. Bg2 Qb6 13. exf6 c5 14. d5 O-O-O 15. O-O b4 16. Na4 Qa6 17. a3 Bxd5 18. Bxd5 Ne5 19. Qe2 Rxd5 20. axb4 cxb4 21. Nc3 Qd6 22. Nxd5 Qxd5 23. f3 Bc5+ 24. Kg2 Nd3 25. h4 Kb7 26. Ra5 Rd8 27. Rfa1 Qd4 28. Rb5+ Kc6 29. Rxc5+ Qxc5 30. Ra6+ Kb5 31. Be3 Qe5 32. Rxa7 Rg8 33. Rb7+ Kc6 34. Rb6+ Kd7 35. Kf1 Qxg3 36. Bg5 Ra8 0-1

[Event "Villa Martelli ProAm op 28th"]
[White "Hungaski,Robert Andrew"]
[Black "Tristan,Leonardo"]
[Site "Villa Martelli"]
[Round "6"]
[Annotator ""]
[Result "0-1"]
[Date "2021.11.12"]
[WhiteElo "2511"]
[BlackElo "2535"]
[PlyCount "82"]

1. e4 c5 2. Nf3 Nc6 3. d4 cxd4 4. Nxd4 Nf6 5. Nc3 e6 6. Ndb5 Bc5 7. Bf4 O-O 8. Bc7 Qe7 9. Bd6 Bxd6 10. Qxd6 Qd8 11. Nc7 Rb8 12. Be2 b5 13. e5 Ne8 14. Nxe8 Rxe8 15. O-O b4 16. Ne4 Qb6 17. Rfd1 Ne7 18. a4 Qxd6 19. Nxd6 Rd8 20. Rd4 Nc6 21. Re4 f5 22. exf6 gxf6 23. Rg4+ Kf8 24. Rh4 Kg7 25. Bd3 f5 26. Re1 Ne7 27. a5 b3 28. c3 Bb7 29. Re3 Ng6 30. Rd4 Bc6 31. f4 h5 32. g3 h4 33. g4 Kf6 34. g5+ Kg7 35. Bxf5 exf5 36. Nxf5+ Kh7 37. Nd6 Rg8 38. f5 Rbf8 39. h3 Rg7 40. f6 Rgg8 41. Kh2 Rh8 0-1

[Event "Villa Martelli ProAm op 28th"]
[White "Hungaski,Robert Andrew"]
[Black "Paveto,Kevin"]
[Site "Villa Martelli"]
[Round "5"]
[Annotator ""]
[Result "1-0"]
[Date "2021.11.07"]
[WhiteElo "2511"]
[BlackElo "2448"]
[PlyCount "71"]

1. Nf3 Nf6 2. c4 g6 3. Nc3 d5 4. cxd5 Nxd5 5. Qb3 Nb6 6. d4 Bg7 7. e4 O-O 8. Be3 Bg4 9. Rd1 Nc6 10. d5 Ne5 11. Be2 Nxf3+ 12. gxf3 Bh5 13. f4 Bxe2 14. Nxe2 Qd7 15. h4 c6 16. h5 cxd5 17. hxg6 fxg6 18. Bxb6 axb6 19. f5 gxf5 20. Qh3 h6 21. Rg1 Qd6 22. Qc3 Rf7 23. e5 Qc6 24. Qg3 Ra4 25. Nd4 f4 26. Qg4 Rxd4 27. Rxd4 Qc1+ 28. Qd1 Qxb2 29. Rxd5 e6 30. Rd8+ Kh7 31. Rxg7+ Rxg7 32. Qd3+ Rg6 33. Rd7+ Kh8 34. Qxg6 Qxe5+ 35. Kf1 Qb5+ 36. Qd3 1-0

[Event "Villa Martelli ProAm op 28th"]
[White "Gomez,Carlos David"]
[Black "Hungaski,Robert Andrew"]
[Site "Villa Martelli"]
[Round "4"]
[Annotator ""]
[Result "0-1"]
[Date "2021.11.06"]
[WhiteElo "2295"]
[BlackElo "2511"]
[PlyCount "118"]

1. d4 d5 2. Nf3 Nf6 3. e3 c5 4. c4 e6 5. Bd3 Nc6 6. O-O a6 7. Nc3 dxc4 8. Bxc4 b5 9. Bb3 Bb7 10. Qe2 Na5 11. Bc2 cxd4 12. Rd1 Be7 13. exd4 O-O 14. Bg5 Rc8 15. Ne5 Nd5 16. Bxe7 Qxe7 17. Nxd5 Bxd5 18. Bd3 Qg5 19. Be4 Rfd8 20. Nf3 Qf4 21. Bxd5 Rxd5 22. Qd2 Qxd2 23. Rxd2 Rc4 24. Kf1 g5 25. h3 Ra4 26. Rd3 Nc6 27. a3 b4 28. Ke2 h5 29. Rc1 bxa3 30. Rxa3 Nxd4+ 31. Nxd4 Raxd4 32. Rxa6 Rd2+ 33. Ke1 Rxb2 34. Ra3 Rf5 35. Rf3 Rxf3 36. gxf3 Rb3 37. Ke2 Kg7 38. Ra1 Kg6 39. Rc1 f6 40. Ra1 e5 41. Rc1 h4 42. Ra1 Kf5 43. Rc1 e4 44. fxe4+ Kxe4 45. Rc6 f5 46. Rc4+ Kd5 47. Ra4 Rxh3 48. Ra5+ Ke6 49. Ra6+ Kf7 50. Ra7+ Kg6 51. Ra6+ Kh5 52. f4 Rh2+ 53. Ke3 g4 54. Rf6 h3 55. Rxf5+ Kh4 56. Rf8 Kg3 57. Rg8 Ra2 58. f5 h2 59. Rh8 Ra1 0-1

[Event "Villa Martelli ProAm op 28th"]
[White "Hungaski,Robert Andrew"]
[Black "Aguinaga,Maximiliano"]
[Site "Villa Martelli"]
[Round "3"]
[Annotator ""]
[Result "1-0"]
[Date "2021.11.06"]
[WhiteElo "2511"]
[BlackElo "2218"]
[PlyCount "83"]

1. d4 f5 2. g3 Nf6 3. Bg2 d6 4. d5 e5 5. dxe6 Nc6 6. Nh3 Bxe6 7. b3 Be7 8. Bb2 O-O 9. Ng5 Bf7 10. Nxf7 Rxf7 11. Nc3 Rf8 12. Qd2 Nd7 13. O-O-O Bf6 14. Kb1 Nb6 15. f4 Qd7 16. h3 Rae8 17. e3 Ne7 18. g4 d5 19. g5 Bxc3 20. Qxc3 Rf7 21. h4 Nec8 22. h5 Rfe7 23. Rh3 Nd6 24. Rxd5 Ne4 25. Rxd7 Nxc3+ 26. Bxc3 Nxd7 27. Bd5+ Kf8 28. h6 g6 29. Bxb7 Rxe3 30. Bg7+ Kf7 31. Bd5+ R3e6 32. Rc3 c5 33. Rc4 Rc8 34. Ra4 Rc7 35. Ra6 Nb6 36. Bxe6+ Kxe6 37. c4 Kd7 38. a4 Nc8 39. Rxg6 Ne7 40. Rf6 Rc6 41. Rf8 Ng6 42. Rxf5 1-0

[Event "Villa Martelli ProAm op 28th"]
[White "Casuscelli,Lucas Leonardo"]
[Black "Hungaski,Robert Andrew"]
[Site "Villa Martelli"]
[Round "2"]
[Annotator ""]
[Result "0-1"]
[Date "2021.11.05"]
[WhiteElo "2026"]
[BlackElo "2511"]
[PlyCount "76"]

1. e4 e5 2. Nf3 Nc6 3. Bb5 f5 4. d3 fxe4 5. dxe4 Nf6 6. Bg5 d6 7. h3 Be7 8. c3 Nxe4 9. Bxe7 Kxe7 10. O-O a6 11. Bc4 Qf8 12. Re1 Qf4 13. Qe2 Nf6 14. Nbd2 Re8 15. Nf1 Kf8 16. Ne3 Be6 17. Bxe6 Rxe6 18. g3 Qh6 19. Nh4 g6 20. Qc4 Rae8 21. Qb3 Nd8 22. Kg2 c6 23. Rad1 d5 24. Qb4+ Kg8 25. Nf3 R6e7 26. Nh4 Nf7 27. f4 Ne4 28. Ng4 Qg7 29. f5 Nf6 30. fxg6 hxg6 31. Rf1 Nxg4 32. Qxg4 Re6 33. Rd2 e4 34. Rdf2 Nh6 35. Rf8+ Kh7 36. Qf4 g5 37. Rxe8 gxf4 38. Rxe6 Qxg3+ 0-1

[Event "Villa Martelli ProAm op 28th"]
[White "Hungaski,Robert Andrew"]
[Black "Cumpe,Lucas"]
[Site "Villa Martelli"]
[Round "1"]
[Annotator ""]
[Result "1-0"]
[Date "2021.11.04"]
[WhiteElo "2511"]
[BlackElo "1891"]
[PlyCount "33"]

1. d4 Nf6 2. c4 e6 3. g3 d5 4. Nf3 Be7 5. Bg2 O-O 6. O-O b6 7. cxd5 Nxd5 8. e4 Nf6 9. Nc3 Bb7 10. Qc2 Na6 11. Rd1 Qc8 12. a3 c5 13. d5 Rd8 14. Bh3 c4 15. Ng5 h6 16. Nxf7 Kf8 17. Bxe6 1-0

[Event "US op 121st"]
[White "Hungaski,Robert Andrew"]
[Black "Gareyev,Timur"]
[Site "Cherry Hill"]
[Round "9"]
[Annotator ""]
[Result "0-1"]
[Date "2021.08.08"]
[WhiteElo "2514"]
[BlackElo "2590"]
[PlyCount "116"]

1. e4 g6 2. d4 d6 3. c4 e5 4. Ne2 Nf6 5. Nbc3 Nbd7 6. f3 c6 7. Be3 a6 8. d5 Be7 9. Qd2 h5 10. dxc6 bxc6 11. Na4 Rb8 12. Nec3 O-O 13. O-O-O Qa5 14. Kb1 Rb4 15. Qc2 Qc7 16. h4 Re8 17. g4 Nf8 18. g5 N6d7 19. a3 Rb8 20. Bh3 Nc5 21. Nxc5 dxc5 22. Bxc8 Rexc8 23. Qa4 Rb6 24. Qc2 Ne6 25. Na4 Rb7 26. Rd3 Rcb8 27. Ka2 Nd4 28. Bxd4 cxd4 29. c5 Rb5 30. b3 Kg7 31. Qc4 f6 32. gxf6+ Bxf6 33. Nb6 Qe7 34. Rc1 Bxh4 35. a4 Bg5 36. axb5 axb5 37. Qc2 Bxc1 38. Qxc1 Rf8 39. b4 h4 40. Kb2 h3 41. Qh1 Rh8 42. Qh2 Rh5 43. Rd1 Qg5 44. Nd7 Qe3 45. Rg1 d3 46. Qg3 Qd2+ 47. Ka3 Qc3+ 48. Ka2 Qc2+ 49. Ka1 Qa4+ 50. Kb1 Qxb4+ 51. Ka1 Qc3+ 52. Kb1 Qb3+ 53. Ka1 Qe6 54. Qg4 h2 55. Rh1 Qe7 56. Kb2 d2 57. f4 exf4 58. e5 Rh4 0-1

[Event "US op 121st"]
[White "Tahmassebi,Bijan"]
[Black "Hungaski,Robert Andrew"]
[Site "Cherry Hill"]
[Round "8"]
[Annotator ""]
[Result "0-1"]
[Date "2021.08.07"]
[WhiteElo "2181"]
[BlackElo "2514"]
[PlyCount "162"]

1. e4 e5 2. Nf3 Nc6 3. Bc4 Bc5 4. c3 Nf6 5. d3 a6 6. Bb3 Ba7 7. O-O d6 8. Nbd2 h6 9. Re1 g5 10. Nf1 g4 11. N3d2 h5 12. Nc4 h4 13. Be3 Bd7 14. Bxa7 Nxa7 15. d4 Qe7 16. f4 gxf3 17. Qxf3 O-O-O 18. Nfe3 Kb8 19. Nf5 Bxf5 20. Qxf5 Rh5 21. Qf3 exd4 22. cxd4 Nc6 23. Rad1 Rg5 24. Ne3 Rdg8 25. Re2 h3 26. g3 Nh5 27. Nf1 Nd8 28. Rf2 R8g6 29. Re1 Nf6 30. Rfe2 Ne6 31. Bxe6 fxe6 32. Rf2 Ka7 33. Qd3 Qg7 34. Rf3 d5 35. e5 Ne4 36. Ree3 Rg4 37. Nd2 Ng5 38. Rf1 Qd7 39. Qc3 Rg7 40. b4 b6 41. a3 Kb7 42. Rc1 Rf7 43. Rf1 Rxf1+ 44. Kxf1 Qa4 45. Ke1 a5 46. Rd3 axb4 47. axb4 Ne4 48. Nxe4 Rxe4+ 49. Kf2 Qa2+ 50. Rd2 Qb1 51. Rc2 c5 52. Rc1 Qxb4 53. dxc5 bxc5 54. Qd3 Qd4+ 55. Qxd4 Rxd4 56. Rxc5 Rd2+ 57. Kf3 Rxh2 58. Rc1 Ra2 59. g4 Ra4 60. Rh1 Ra3+ 61. Kf4 Kc6 62. g5 Ra4+ 63. Kf3 Re4 64. g6 Rxe5 65. Rxh3 Rf5+ 66. Kg4 Rf8 67. Re3 Kd6 68. Kg5 e5 69. g7 Rg8 70. Kf6 e4 71. Re1 Kc5 72. Kf7 Ra8 73. g8=Q Rxg8 74. Kxg8 Kd4 75. Kf7 Ke5 76. Kg6 d4 77. Kg5 e3 78. Kg4 Ke4 79. Kg3 d3 80. Ra1 d2 81. Kg2 e2 0-1

[Event "FIDE World Cup American Qual Final"]
[White "Hungaski,Robert Andrew"]
[Black "Henriquez Villagra,Cristobal"]
[Site "Tornelo INT"]
[Round "5"]
[Annotator ""]
[Result "0-1"]
[Date "2021.05.30"]
[WhiteElo "2514"]
[BlackElo "2600"]
[PlyCount "72"]

1. e4 c6 2. d4 d5 3. exd5 cxd5 4. c4 Nf6 5. Nc3 Nc6 6. Bf4 a6 7. c5 g6 8. h3 Bg7 9. Nf3 O-O 10. Be2 b6 11. O-O bxc5 12. dxc5 d4 13. Na4 Nd5 14. Bh2 e5 15. Nd2 Be6 16. Ne4 Nf4 17. Bxf4 exf4 18. Nd6 Ne5 19. Bf3 Rb8 20. b3 Qg5 21. Kh2 h5 22. Be4 Rb4 23. Rc1 d3 24. c6 Rd4 25. Nc5 Rxd6 26. Nxa6 f3 27. g3 h4 28. Rg1 hxg3+ 29. Rxg3 Qf4 30. Nc5 Bxh3 31. Nxd3 Rxd3 32. Bxd3 Bg2 33. Kg1 Qh4 34. Rxg2 fxg2 35. Kxg2 Nxd3 36. Qxd3 Qg5+ 0-1

[Event "FIDE World Cup American Qual Final"]
[White "Hungaski,Robert Andrew"]
[Black "Mareco,Sandro"]
[Site "Tornelo INT"]
[Round "1"]
[Annotator ""]
[Result "0-1"]
[Date "2021.05.30"]
[WhiteElo "2514"]
[BlackElo "2629"]
[PlyCount "66"]

1. Nf3 d5 2. d4 Nf6 3. c4 e6 4. Nc3 dxc4 5. e3 a6 6. a4 b6 7. Bxc4 Bb7 8. O-O c5 9. Qe2 Nbd7 10. Rd1 Qc7 11. d5 exd5 12. Nxd5 Nxd5 13. Bxd5 Bxd5 14. Rxd5 Be7 15. e4 O-O 16. Bf4 Qc6 17. Ne5 Nxe5 18. Bxe5 Rfe8 19. Qg4 Bf8 20. Bc3 b5 21. axb5 axb5 22. Rad1 b4 23. Be5 Re6 24. f3 Rae8 25. Bf4 c4 26. Be3 Qa4 27. Qg3 c3 28. bxc3 bxc3 29. Rc1 Rc6 30. Bd4 c2 31. Qg5 Rec8 32. Rd8 Rxd8 33. Qxd8 Rd6 0-1

[Event "FIDE World Cup American Qual Final"]
[White "Hungaski,Robert Andrew"]
[Black "Mekhitarian,Krikor Sevag"]
[Site "Tornelo INT"]
[Round "3"]
[Annotator ""]
[Result "1-0"]
[Date "2021.05.30"]
[WhiteElo "2514"]
[BlackElo "2554"]
[PlyCount "113"]

1. e4 e5 2. Nf3 Nc6 3. d4 exd4 4. Nxd4 Nf6 5. Nxc6 bxc6 6. e5 Qe7 7. Qe2 Nd5 8. g3 g6 9. c4 Ba6 10. b3 Bg7 11. Bb2 O-O 12. Bg2 Rae8 13. O-O Bxe5 14. Qxe5 Qxe5 15. Bxe5 Rxe5 16. cxd5 Bxf1 17. Kxf1 cxd5 18. Nc3 c6 19. Rd1 a5 20. Bf3 Ra8 21. Na4 Ra7 22. Nc5 Kf8 23. h4 h5 24. Rd4 Re8 25. Ra4 Ke7 26. Nd3 Kd6 27. Rf4 Rf8 28. Ke2 Raa8 29. Kd2 Ra7 30. Bd1 Raa8 31. Ra4 Rfe8 32. Rf4 Rf8 33. Bc2 Rae8 34. Ra4 Ra8 35. f4 Kc7 36. f5 Rg8 37. Nf4 g5 38. Nxh5 gxh4 39. Rxh4 Rg5 40. g4 Rh8 41. Bd1 a4 42. bxa4 Kd6 43. Rh3 c5 44. a5 Ra8 45. Ra3 Rgg8 46. a6 c4 47. Nf6 Rh8 48. Ra5 d4 49. a7 Rh2+ 50. Kc1 d3 51. Bf3 Rxa7 52. Rxa7 Ke5 53. Nxd7+ Kd4 54. Bd1 c3 55. Ra4+ Ke3 56. Nc5 Rb2 57. Re4+ 1-0

[Event "FIDE World Cup American Qual Final"]
[White "Krysa,Leandro Sergio"]
[Black "Hungaski,Robert Andrew"]
[Site "Tornelo INT"]
[Round "7"]
[Annotator ""]
[Result "0-1"]
[Date "2021.05.30"]
[WhiteElo "2527"]
[BlackElo "2514"]
[PlyCount "92"]

1. c4 e5 2. Nc3 Nc6 3. g3 f5 4. Bg2 Nf6 5. e3 d5 6. cxd5 Nb4 7. d3 Nfxd5 8. Nxd5 Nxd5 9. Nf3 Bd6 10. O-O Nf6 11. Qb3 Qe7 12. Bd2 c6 13. Bc3 Be6 14. Qc2 Bf7 15. Nh4 g6 16. e4 fxe4 17. dxe4 O-O 18. b3 Bb4 19. Bb2 Ba3 20. Nf3 Bxb2 21. Qxb2 Rfe8 22. Ng5 h6 23. Nxf7 Qxf7 24. Rad1 Qe7 25. Kh1 Rad8 26. Rxd8 Rxd8 27. f4 exf4 28. e5 Ng4 29. gxf4 Ne3 30. Rg1 Qh4 31. Be4 g5 32. Bb1 Qxf4 33. Qe2 Qxe5 34. Re1 Ng4 35. Bh7+ Kg7 36. Qxe5+ Nxe5 37. Rxe5 Kxh7 38. Re7+ Kg6 39. Rxb7 Rd1+ 40. Kg2 Rd2+ 41. Kg3 Rxa2 42. Rc7 Ra6 43. Kf3 Rb6 44. Ke4 Rxb3 45. Rxc6+ Kh5 46. h4 Rb4+ 0-1

[Event "FIDE World Cup American Qual Final"]
[White "Moradiabadi,Elshan"]
[Black "Hungaski,Robert Andrew"]
[Site "Tornelo INT"]
[Round "2"]
[Annotator ""]
[Result "1/2-1/2"]
[Date "2021.05.30"]
[WhiteElo "2555"]
[BlackElo "2514"]
[PlyCount "104"]

1. d4 d5 2. Bg5 Nf6 3. Nd2 g6 4. e3 Bg7 5. Ngf3 O-O 6. Bd3 b6 7. a4 c5 8. c3 Nc6 9. O-O Bb7 10. h3 Nd7 11. Qe2 Qc7 12. Ba6 Bxa6 13. Qxa6 e5 14. dxe5 Ndxe5 15. Bf4 Qe7 16. Rfd1 Nxf3+ 17. Nxf3 Rad8 18. Qb5 Qe6 19. Rd3 h6 20. Rad1 Rd7 21. b4 cxb4 22. cxb4 Rfd8 23. Rc1 Ne7 24. a5 bxa5 25. bxa5 g5 26. Bh2 Nf5 27. Qc6 Qe4 28. Rcd1 Ne7 29. Qb5 g4 30. hxg4 Qxg4 31. Be5 Qh5 32. Bxg7 Kxg7 33. Qb2+ Kh7 34. Qe5 Qg6 35. Qh2 f6 36. Rd4 Nf5 37. Nh4 Nxh4 38. Qxh4 Rg8 39. g3 Qf5 40. e4 Qf3 41. exd5 Rd6 42. R4d3 Qf5 43. Qb4 Rgd8 44. Qc5 a6 45. Qc4 h5 46. Rd4 Kg6 47. Rf4 Rxd5 48. Rxd5 Qxd5 49. Qxa6 Qd1+ 50. Qf1 Qxf1+ 51. Kxf1 Rd1+ 52. Kg2 Ra1 1/2-1/2

[Event "FIDE World Cup American Qual Final"]
[White "Tang,Andrew"]
[Black "Hungaski,Robert Andrew"]
[Site "Tornelo INT"]
[Round "4"]
[Annotator ""]
[Result "0-1"]
[Date "2021.05.30"]
[WhiteElo "2538"]
[BlackElo "2514"]
[PlyCount "124"]

1. d4 d5 2. Bf4 Nf6 3. e3 c5 4. dxc5 Qa5+ 5. Nc3 a6 6. Nf3 Nc6 7. Bd3 g6 8. O-O Bg7 9. Qd2 O-O 10. a3 Qxc5 11. b4 Qa7 12. Rad1 Bg4 13. h3 Bxf3 14. gxf3 Rac8 15. Na4 Rfd8 16. Nc5 Nd7 17. Nxd7 Rxd7 18. Be2 Be5 19. Bg5 b5 20. Kg2 Rcc7 21. Bd3 Bg7 22. Bf4 e5 23. Bg3 Rc8 24. h4 h5 25. f4 exf4 26. Bxf4 Ne5 27. Bxe5 Bxe5 28. f4 Bc3 29. Qf2 Re8 30. f5 Qxe3 31. Qf3 Kg7 32. Rf2 Be1 33. Rxe1 Qxf3+ 34. Kxf3 Rxe1 35. Kf4 Rd6 36. Rg2 Rh1 37. Ke5 Rf6 38. Kxd5 Rxh4 39. Ke5 Rg4 40. Rh2 Rg5 41. c3 Rgxf5+ 42. Bxf5 Rxf5+ 43. Ke4 Kf6 44. a4 Kg5 45. Rg2+ Kh4 46. Rb2 Kg3 47. c4 bxc4 48. b5 axb5 49. axb5 Rc5 50. b6 Rc8 51. b7 Rb8 52. Kd4 h4 53. Kxc4 h3 54. Rb3+ Kg4 55. Rb2 h2 56. Rxh2 Rxb7 57. Kd4 Re7 58. Kd3 Kg3 59. Rh7 g5 60. Kd4 g4 61. Kd5 Kf2 62. Kd6 Ra7 0-1

[Event "FIDE World Cup American Qual Gp8"]
[White "Salinas Herrera,Pablo Patricio"]
[Black "Hungaski,Robert Andrew"]
[Site "Tornelo INT"]
[Round "4.2"]
[Annotator ""]
[Result "1/2-1/2"]
[Date "2021.05.29"]
[WhiteElo "2514"]
[BlackElo "2514"]
[PlyCount "128"]

1. d4 d5 2. Nf3 Nf6 3. e3 e6 4. c4 c5 5. cxd5 exd5 6. Bb5+ Bd7 7. Bxd7+ Nbxd7 8. O-O Be7 9. b3 O-O 10. Bb2 Rc8 11. Nc3 a6 12. Rc1 c4 13. bxc4 dxc4 14. a3 b5 15. e4 b4 16. axb4 Bxb4 17. Qc2 Re8 18. Rfe1 Nf8 19. Rcd1 Ng6 20. g3 Qd7 21. Ne5 Qh3 22. Nxg6 hxg6 23. f3 g5 24. Re2 Re7 25. Rf1 Qd7 26. Rd1 g4 27. f4 Rce8 28. e5 Bxc3 29. Qxc3 Qb5 30. Rc2 Nd5 31. Qxc4 Qxc4 32. Rxc4 Ne3 33. Rdc1 Nxc4 34. Rxc4 Rb7 35. Bc3 Rbb8 36. Bb4 Rec8 37. Bc5 Rb3 38. Kf2 Kh7 39. f5 Rf3+ 40. Ke2 Rxf5 41. Ke3 f6 42. Ke4 Kg6 43. e6 Re8 44. e7 Rh5 45. d5 Kf7 46. d6 Ke6 47. Bb4 Rb5 48. Kf4 Rxb4 49. Rxb4 Kxd6 50. Rb6+ Kxe7 51. Rxa6 Kf7 52. Kxg4 g6 53. h4 Re4+ 54. Kf3 f5 55. Ra5 Kf6 56. Ra6+ Kf7 57. Rc6 Ra4 58. Rc7+ Kf6 59. Rc6+ Kf7 60. Rb6 Rc4 61. Rb5 Kf6 62. Rb6+ Kf7 63. Rb5 Kf6 64. Rb6+ Kf7 1/2-1/2

[Event "FIDE World Cup American Qual Gp8"]
[White "Hungaski,Robert Andrew"]
[Black "Salinas Herrera,Pablo Patricio"]
[Site "Tornelo INT"]
[Round "4.1"]
[Annotator ""]
[Result "1-0"]
[Date "2021.05.28"]
[WhiteElo "2514"]
[BlackElo "2514"]
[PlyCount "189"]

1. d4 d5 2. c4 e6 3. Nc3 Nf6 4. cxd5 exd5 5. Bg5 c6 6. e3 h6 7. Bh4 Bd6 8. Bd3 O-O 9. Qc2 Re8 10. Nge2 a5 11. h3 Na6 12. a3 Nc7 13. Bf5 Bxf5 14. Qxf5 Qd7 15. Qxd7 Nxd7 16. Bg3 Bxg3 17. Nxg3 a4 18. O-O-O Nb6 19. Rhe1 Nc4 20. e4 Red8 21. Nf5 Kf8 22. Ne3 b5 23. exd5 cxd5 24. Nc2 Na6 25. Rd3 Rab8 26. Rf3 Nc7 27. h4 Rb6 28. g4 Na5 29. Re5 Rc6 30. g5 Rd7 31. Rd3 Nc4 32. Re1 Re6 33. Rg1 Nd6 34. Rg4 h5 35. Rf4 g6 36. Rdf3 Nc4 37. Rf6 Rde7 38. Rxe6 Rxe6 39. Ne3 Rd6 40. Nc2 Ke7 41. Rg3 Na5 42. Rd3 Nc6 43. Ne3 Kd7 44. Rd1 Ne7 45. Kd2 Ra6 46. f4 Kd6 47. f5 Nc6 48. Nc2 Ne7 49. Ne3 Nc6 50. fxg6 fxg6 51. Ne2 Ne6 52. Rf1 b4 53. Rf6 bxa3 54. bxa3 Rb6 55. Rxg6 Rb2+ 56. Nc2 Ke7 57. Kc1 Rb3 58. Rh6 Rf3 59. Rxh5 Rf2 60. Rh7+ Kf8 61. Kd1 Rh2 62. g6 Kg8 63. Ne3 Nf8 64. Rc7 Na5 65. Nf4 Nb3 66. Nf5 Rh1+ 67. Ke2 Nxd4+ 68. Nxd4 Nxg6 69. Rc8+ Kf7 70. Nxg6 Kxg6 71. Nf3 Ra1 72. Rc3 Kh5 73. Rd3 d4 74. Kf2 Ra2+ 75. Kg3 Ra1 76. Nxd4 Rb1 77. Nf3 Rb8 78. Rd5+ Kh6 79. Ra5 Rg8+ 80. Ng5 Kh5 81. Rxa4 Rg6 82. Ra8 Ra6 83. Rh8+ Kg6 84. Nh3 Rxa3+ 85. Kg4 Kg7 86. Rb8 Ra1 87. Rb7+ Kh6 88. Rb6+ Kg7 89. Ng5 Ra7 90. Kh5 Ra4 91. Rb7+ Kg8 92. Nh7 Ra6 93. Kg5 Ra1 94. Kg6 Ra8 95. Nf6+ 1-0

[Event "FIDE World Cup American Qual Gp8"]
[White "Ramirez Alvarez,Alejandro"]
[Black "Hungaski,Robert Andrew"]
[Site "Tornelo INT"]
[Round "3.2"]
[Annotator ""]
[Result "0-1"]
[Date "2021.05.27"]
[WhiteElo "2567"]
[BlackElo "2514"]
[PlyCount "86"]

1. c4 c6 2. Nf3 d5 3. e3 Nf6 4. Nc3 e6 5. d4 Nbd7 6. Be2 Bd6 7. O-O O-O 8. b3 Qe7 9. Bb2 dxc4 10. bxc4 e5 11. c5 Bc7 12. Qc2 Re8 13. Rfe1 e4 14. Nd2 Nf8 15. f3 exf3 16. Bxf3 Ne6 17. Nce4 Nxe4 18. Nxe4 f5 19. Nd6 Bxd6 20. cxd6 Qxd6 21. Bh5 Rd8 22. d5 Ng5 23. Qc3 Qh6 24. Qe5 cxd5 25. Rac1 Bd7 26. Rc7 Ne6 27. Qxd5 Qxh5 28. Rxd7 Rxd7 29. Qxd7 Qf7 30. Rd1 Nf8 31. Qd4 Ne6 32. Qe5 h6 33. Rf1 Rf8 34. h3 Qg6 35. a4 Kh7 36. Kh2 a6 37. Rf2 Ng5 38. Bd4 Ne4 39. Rf3 Rf7 40. Rf1 h5 41. Kg1 h4 42. Rf4 Qg3 43. Qe6 Ng5 0-1

[Event "FIDE World Cup American Qual Gp8"]
[White "Hungaski,Robert Andrew"]
[Black "Ramirez Alvarez,Alejandro"]
[Site "Tornelo INT"]
[Round "3.1"]
[Annotator ""]
[Result "1/2-1/2"]
[Date "2021.05.26"]
[WhiteElo "2514"]
[BlackElo "2567"]
[PlyCount "73"]

1. Nf3 d5 2. d4 Nf6 3. c4 e6 4. Nc3 dxc4 5. e3 a6 6. a4 c5 7. Bxc4 Nc6 8. O-O Be7 9. Qe2 cxd4 10. Rd1 e5 11. exd4 exd4 12. Nxd4 Nxd4 13. Qe5 Qd6 14. Qxd4 Qxd4 15. Rxd4 Bc5 16. Rd1 O-O 17. Bg5 Bg4 18. Rd3 Bf5 19. Rd2 Rac8 20. Bxf6 gxf6 21. Nd5 Kg7 22. Bd3 Be6 23. Be4 Rfd8 24. g3 a5 25. Rad1 Bg4 26. Rb1 Be6 27. Kg2 Bxd5 28. Rxd5 Rxd5 29. Bxd5 b6 30. Rd1 Rd8 31. g4 f5 32. gxf5 Kf6 33. Kf3 Rd7 34. Rd3 h6 35. h3 Ke5 36. Bc4 Rxd3+ 37. Bxd3 1/2-1/2

[Event "FIDE World Cup American Qual Gp8"]
[White "Hungaski,Robert Andrew"]
[Black "Mollo,Jhoan"]
[Site "Tornelo INT"]
[Round "2.2"]
[Annotator ""]
[Result "1-0"]
[Date "2021.05.25"]
[WhiteElo "2514"]
[BlackElo "2073"]
[PlyCount "53"]

1. d4 d5 2. c4 c6 3. Nf3 Nf6 4. cxd5 cxd5 5. Nc3 Nc6 6. Bf4 a6 7. Rc1 Bf5 8. e3 e6 9. Qb3 Ra7 10. Ne5 Nxe5 11. Bxe5 Nd7 12. Bg3 Be7 13. Be2 O-O 14. O-O b5 15. a4 b4 16. Nb1 Qa5 17. Nd2 Nb6 18. Rc6 Qxa4 19. Rxb6 Qxb3 20. Nxb3 a5 21. Ra1 a4 22. Nc5 a3 23. Rxb4 a2 24. Rb3 Bxc5 25. dxc5 Rc8 26. Bd6 Bb1 27. Bd3 1-0

[Event "FIDE World Cup American Qual Gp8"]
[White "Mollo,Jhoan"]
[Black "Hungaski,Robert Andrew"]
[Site "Tornelo INT"]
[Round "2.1"]
[Annotator ""]
[Result "0-1"]
[Date "2021.05.24"]
[WhiteElo "2073"]
[BlackElo "2514"]
[PlyCount "69"]

1. d4 d5 2. Bf4 c5 3. c3 Nc6 4. e3 Bf5 5. Nd2 e6 6. Ngf3 Qb6 7. Qb3 c4 8. Qxb6 axb6 9. a3 b5 10. Rc1 f6 11. Nh4 Be4 12. Nhf3 Bf5 13. Nh4 Be4 14. Nhf3 g5 15. Bg3 Bg6 16. h4 g4 17. h5 Bf7 18. Ng1 e5 19. f3 Bh6 20. Kf2 exd4 21. cxd4 Nxd4 22. exd4 Bxd2 23. Rc2 Ba5 24. fxg4 Nh6 25. Be2 Rg8 26. Rh4 Be6 27. Nh3 Nxg4+ 28. Bxg4 Bxg4 29. Nf4 O-O-O 30. h6 Rde8 31. b4 Bc7 32. Rc3 Bb6 33. Rc2 Bxd4+ 34. Kf1 Bf5 35. Bf2 0-1

[Event "FIDE World Cup American Qual Gp8"]
[White "Soares,Andre"]
[Black "Hungaski,Robert Andrew"]
[Site "Tornelo INT"]
[Round "1.2"]
[Annotator ""]
[Result "1/2-1/2"]
[Date "2021.05.23"]
[WhiteElo "1736"]
[BlackElo "2514"]
[PlyCount "58"]

1. d4 d5 2. c4 dxc4 3. e4 Nc6 4. Nf3 Bg4 5. d5 Ne5 6. Nc3 Nf6 7. Be3 Bxf3 8. gxf3 e6 9. f4 Nd3+ 10. Bxd3 cxd3 11. Qxd3 a6 12. O-O-O Bb4 13. dxe6 fxe6 14. Qc4 Qe7 15. f3 Bxc3 16. Qxc3 Qf7 17. Rhg1 O-O 18. Rg5 h6 19. Rg2 Kh7 20. Rdg1 Rg8 21. Bd4 Nh5 22. Be5 g6 23. Rg4 Rad8 24. Qb3 Qd7 25. Qxb7 Qd2+ 26. Kb1 Qd3+ 27. Kc1 Qd2+ 28. Kb1 Qd3+ 29. Kc1 Qd2+ 1/2-1/2

[Event "FIDE World Cup American Qual Gp8"]
[White "Hungaski,Robert Andrew"]
[Black "Soares,Andre"]
[Site "Tornelo INT"]
[Round "1.1"]
[Annotator ""]
[Result "1-0"]
[Date "2021.05.22"]
[WhiteElo "2514"]
[BlackElo "1736"]
[PlyCount "63"]

1. d4 Nf6 2. c4 d6 3. Nc3 Nbd7 4. e4 e5 5. d5 Nc5 6. f3 a5 7. Be3 Be7 8. Qd2 b6 9. Nge2 Bd7 10. O-O-O h6 11. Kb1 Nh7 12. g3 Bg5 13. f4 Bf6 14. Bg2 O-O 15. Bf3 Re8 16. f5 Bg5 17. h4 Bxe3 18. Qxe3 Kf8 19. g4 f6 20. Rdg1 Qe7 21. g5 fxg5 22. Bh5 gxh4 23. Bxe8 Bxe8 24. Rg4 a4 25. Rgxh4 Ng5 26. Ng3 a3 27. f6 gxf6 28. Nf5 Qd8 29. Rxh6 axb2 30. Rh8+ Kf7 31. R1h7+ Nxh7 32. Qh6 1-0

[Event "Montevideo Duchamp Cup 4th"]
[White "Hungaski,Robert Andrew"]
[Black "Tristan,Leonardo"]
[Site "Montevideo"]
[Round "8"]
[Annotator ""]
[Result "1/2-1/2"]
[Date "2020.02.14"]
[WhiteElo "2504"]
[BlackElo "2533"]
[PlyCount "119"]

1. d4 Nf6 2. c4 e6 3. Nf3 d5 4. Nc3 a6 5. cxd5 exd5 6. Bg5 Be6 7. e3 Nbd7 8. Bd3 h6 9. Bh4 g5 10. Bg3 Nh5 11. Qc2 Nxg3 12. hxg3 Bg7 13. Bf5 Qf6 14. g4 h5 15. Bxe6 fxe6 16. gxh5 g4 17. Ng1 O-O-O 18. Nge2 Kb8 19. Nf4 c5 20. dxc5 Nxc5 21. Ncxd5 Qxb2 22. Qxb2 Bxb2 23. Rb1 Na4 24. Ne7 Rh7 25. Nfg6 Re8 26. Rh4 Bf6 27. Rxg4 Rxh5 28. Nc6+ Ka8 29. Rb3 Nc5 30. Na5 Nxb3 31. Nxb3 Rc8 32. Nf4 Rh1+ 33. Kd2 Rb1 34. Nd3 Bc3+ 35. Kc2 Rf1 36. Nbc5 Bf6 37. Kd2 Ra1 38. Ra4 Ka7 39. g4 Rc6 40. Nb3 Rg1 41. Rf4 Bc3+ 42. Ke2 e5 43. Re4 b5 44. Ndc5 Kb6 45. Nd7+ Kc7 46. Nxe5 Bxe5 47. Rxe5 Rc2+ 48. Kf3 Rxa2 49. Nc5 Kc6 50. Nd3 a5 51. Rc5+ Kb6 52. Rc8 Rd2 53. Ke4 Rxg4+ 54. f4 a4 55. Rb8+ Ka5 56. Ne5 Rg7 57. Nc6+ Ka6 58. Nb4+ Ka5 59. Nc6+ Ka6 60. Nb4+ 1/2-1/2

[Event "Montevideo Duchamp Cup 4th"]
[White "Vazquez,Guillermo"]
[Black "Hungaski,Robert Andrew"]
[Site "Montevideo"]
[Round "7"]
[Annotator ""]
[Result "1/2-1/2"]
[Date "2020.02.13"]
[WhiteElo "2524"]
[BlackElo "2504"]
[PlyCount "63"]

1. e4 e6 2. d4 d5 3. Bd3 dxe4 4. Bxe4 Nf6 5. Bf3 c5 6. Ne2 Nc6 7. Be3 cxd4 8. Nxd4 Ne5 9. Nc3 Be7 10. Ndb5 Nxf3+ 11. Qxf3 Bd7 12. Qxb7 O-O 13. Rd1 a6 14. Nd4 Qc8 15. Qxc8 Rfxc8 16. O-O Ba3 17. Bc1 Rab8 18. Nb3 Bb4 19. Bd2 a5 20. a3 a4 21. axb4 axb3 22. cxb3 Bc6 23. Rc1 Rxb4 24. Ne2 Rxb3 25. Nd4 Rb6 26. Ba5 Ra6 27. b4 Bd7 28. Rxc8+ Bxc8 29. Rc1 Bd7 30. h3 Nd5 31. Nb3 Ra8 32. Nc5 1/2-1/2